| Tag |
First Indicator |
Second Indicator |
Subfields |
| LEADER |
00000cas a2200000 a 4500 |
| 001 |
in00001574478 |
| 005 |
20161206140304.0 |
| 008 |
990729d19992001txuqr 0 a0eng c |
| 010 |
|
|
|a sn 99047831
|
| 035 |
|
|
|a (OCoLC)ocm41980069
|
| 040 |
|
|
|a THD
|b eng
|c THD
|d WAU
|d NSD
|d IUL
|d CLE
|d GUA
|d DLC
|d WAU
|d CLU
|d DLC
|d IUL
|d HUL
|d MYG
|d OCLCQ
|d MYG
|d NSD
|d DLC
|d OCLCQ
|d GBVCP
|d DLC
|d UKMGB
|d OCLCF
|d OCLCO
|d CUS
|d OCL
|
| 015 |
|
|
|a 019867611
|2 dnb
|
| 016 |
7 |
|
|a 1494018-8
|2 DE-600
|
| 016 |
7 |
|
|a 007845650
|2 Uk
|
| 016 |
7 |
|
|a 009893102
|2 Uk
|
| 019 |
|
|
|a 187482953
|
| 022 |
0 |
|
|a 1526-3940
|l 1526-3940
|2 1
|
| 029 |
1 |
|
|a NZ1
|b 5368291
|
| 029 |
1 |
|
|a AU@
|b 000021543512
|
| 029 |
1 |
|
|a AU@
|b 000021099105
|
| 029 |
1 |
|
|a AU@
|b 000022184453
|
| 035 |
|
|
|a (OCoLC)41980069
|z (OCoLC)187482953
|
| 042 |
|
|
|a pcc
|a nsdp
|
| 043 |
|
|
|a n-us---
|
| 050 |
0 |
0 |
|a HC101
|b .E26
|
| 082 |
1 |
0 |
|a 330
|2 13
|
| 086 |
|
|
|a FR 1.111/5:
|
| 049 |
|
|
|a TXAM
|
| 130 |
0 |
|
|a Economic & financial review (Dallas, Tex.)
|
| 210 |
0 |
|
|a Econ. financ. rev.
|b (Dallas Tex.)
|
| 222 |
|
0 |
|a Economic & financial review
|b (Dallas, Tex.)
|
| 245 |
1 |
0 |
|a Economic & financial review /
|c Federal Reserve Bank of Dallas.
|
| 246 |
3 |
|
|a Economic and financial review
|
| 264 |
|
1 |
|a Dallas, TX :
|b Federal Reserve Bank of Dallas,
|c [1999-2001]
|
| 300 |
|
|
|a 3 volumes :
|b illustrations ;
|c 28 cm.
|
| 310 |
|
|
|a Quarterly
|
| 336 |
|
|
|a text
|b txt
|2 rdacontent
|
| 337 |
|
|
|a unmediated
|b n
|2 rdamedia
|
| 338 |
|
|
|a volume
|b nc
|2 rdacarrier
|
| 362 |
0 |
|
|a 1999, Q2-2001, Q4.
|
| 500 |
|
|
|a Title from cover.
|
| 530 |
|
|
|a Also issued online.
|
| 580 |
|
|
|a Merger of: Economic review (Federal Reserve Bank of Dallas), and: Financial industry studies (Dallas, Tex.).
|
| 651 |
|
0 |
|a United States
|x Economic policy
|y 1993-2001
|v Periodicals.
|
| 651 |
|
0 |
|a United States
|x Economic policy
|y 2001-2009
|v Periodicals.
|
| 650 |
|
0 |
|a Finance
|z United States
|v Periodicals.
|
| 650 |
|
0 |
|a Banks and banking
|z United States
|v Periodicals.
|
| 650 |
|
7 |
|a Banks and banking.
|2 fast
|0 (OCoLC)fst00826867
|
| 650 |
|
7 |
|a Economic policy.
|2 fast
|0 (OCoLC)fst00902025
|
| 650 |
|
7 |
|a Finance.
|2 fast
|0 (OCoLC)fst00924349
|
| 651 |
|
7 |
|a United States.
|2 fast
|0 (OCoLC)fst01204155
|
| 648 |
|
7 |
|a 1993-2009
|2 fast
|
| 655 |
|
7 |
|a Periodicals.
|2 fast
|0 (OCoLC)fst01411641
|
| 710 |
2 |
|
|a Federal Reserve Bank of Dallas.
|
| 776 |
1 |
|
|t Economic & financial review (Dallas, Tex. : Online)
|x 2163-4408
|w (DLC) 2007242035
|w (OCoLC)60630662
|
| 780 |
1 |
4 |
|t Economic review (Federal Reserve Bank of Dallas)
|x 0732-1414
|w (DLC) 82643678
|w (OCoLC)8317532
|
| 780 |
1 |
4 |
|t Financial industry studies (Dallas, Tex.)
|x 1526-4076
|w (DLC)sn 90023407
|w (OCoLC)21102027
|
| 785 |
0 |
0 |
|t Economic & financial policy review
|x 1936-4326
|w (DLC) 2003234123
|w (OCoLC)50067250
|
| 850 |
|
|
|a DLC
|
| 856 |
4 |
1 |
|u http://bibpurl.oclc.org/web/75316
|u http://www.dallasfed.org/research/efr/index.cfm
|t 0
|
| 891 |
2 |
0 |
|9 853
|8 1
|a (year)
|b qtr.
|u 4
|v r
|w q
|
| 891 |
4 |
1 |
|9 863
|8 1.1
|a <2000>
|b <4>
|
| 948 |
|
|
|a cataloged
|b h
|c 2000/12/14
|d c
|e coplinger
|f 1:36:34 pm
|
| 994 |
|
|
|a C0
|b TXA
|
| 949 |
|
|
|a updated
|b h
|c 2016/12/6
|e coplinger
|f 2:02:54 pm
|
| 999 |
f |
f |
|s 5ad8959b-d950-3ad6-9793-64634d18e5fe
|i dabefffe-f2e9-3083-8fbb-94ec1babfd04
|t 0
|
| 952 |
f |
f |
|p ric
|a Texas A&M University
|b Rellis Campus
|c Joint Library Facility
|d Remote Storage
|t 0
|e FR 1.111/5:
|h Superintendent of Documents classification
|i unmediated -- volume
|k 2000:Q1
|m A14850070385
|
| 952 |
f |
f |
|p ric
|a Texas A&M University
|b Rellis Campus
|c Joint Library Facility
|d Remote Storage
|t 0
|e FR 1.111/5:
|h Superintendent of Documents classification
|i unmediated -- volume
|k 2000:Q4
|m A14850070419
|
| 952 |
f |
f |
|p ric
|a Texas A&M University
|b Rellis Campus
|c Joint Library Facility
|d Remote Storage
|t 0
|e FR 1.111/5:
|h Superintendent of Documents classification
|i unmediated -- volume
|k 2000:Q3
|m A14850070401
|
| 952 |
f |
f |
|p ric
|a Texas A&M University
|b Rellis Campus
|c Joint Library Facility
|d Remote Storage
|t 0
|e FR 1.111/5:
|h Superintendent of Documents classification
|i unmediated -- volume
|k 1999:Q3
|m A14850070369
|
| 952 |
f |
f |
|p ric
|a Texas A&M University
|b Rellis Campus
|c Joint Library Facility
|d Remote Storage
|t 0
|e FR 1.111/5:
|h Superintendent of Documents classification
|i unmediated -- volume
|k 2001:Q2
|m A14850070435
|
| 952 |
f |
f |
|p ric
|a Texas A&M University
|b Rellis Campus
|c Joint Library Facility
|d Remote Storage
|t 0
|e FR 1.111/5:
|h Superintendent of Documents classification
|i unmediated -- volume
|k 2001:Q3
|m A14850070443
|
| 952 |
f |
f |
|p ric
|a Texas A&M University
|b Rellis Campus
|c Joint Library Facility
|d Remote Storage
|t 0
|e FR 1.111/5:
|h Superintendent of Documents classification
|i unmediated -- volume
|k 1999:Q2
|m A14850070351
|
| 952 |
f |
f |
|p ric
|a Texas A&M University
|b Rellis Campus
|c Joint Library Facility
|d Remote Storage
|t 0
|e FR 1.111/5:
|h Superintendent of Documents classification
|i unmediated -- volume
|k 1999:Q4
|m A14850070377
|
| 952 |
f |
f |
|p ric
|a Texas A&M University
|b Rellis Campus
|c Joint Library Facility
|d Remote Storage
|t 0
|e FR 1.111/5:
|h Superintendent of Documents classification
|i unmediated -- volume
|k 2001:Q4
|m A14850070211
|
| 952 |
f |
f |
|p ric
|a Texas A&M University
|b Rellis Campus
|c Joint Library Facility
|d Remote Storage
|t 0
|e FR 1.111/5:
|h Superintendent of Documents classification
|i unmediated -- volume
|k 2000:Q2
|m A14850070393
|
| 952 |
f |
f |
|p ric
|a Texas A&M University
|b Rellis Campus
|c Joint Library Facility
|d Remote Storage
|t 0
|e FR 1.111/5:
|h Superintendent of Documents classification
|i unmediated -- volume
|k 2001:Q1
|m A14850070427
|
| 952 |
f |
f |
|a Texas A&M University
|b College Station
|c Electronic Resources
|d Available Online
|t 0
|e FR 1.111/5:
|h Superintendent of Documents classification
|
| 998 |
f |
f |
|a FR 1.111/5:
|t 0
|l Available Online
|
| 998 |
f |
f |
|a FR 1.111/5:
|s 2000-2001
|t 0
|l Remote Storage
|